Munchique (Registro nro. 5957)

Detalles MARC
000 -CABECERA
Campo de control 00725nam a2200253 a 4500
005 - FECHA Y HORA DE LA ULTIMA TRANSACCION
Campo de control 20191224041821.0
008 - ELEMENTOS DE LONGITUD FIJA—INFORMACION GENERAL
Campo de control 140116b1996 ck ||||gr|||| 00| 0 spa d
040 ## - FUENTE DE CATALOGACIÓN
Agencia catalogadora original CO-BoIAVH
Agencia transcriptora CO-BoIAVH
041 ## - IDIOMA
Código de idioma para texto/pista de sonido o título separado Español
090 ## - CLASIFICACIÓN LOCAL
Colección EA
Consecutivo 361
100 1# - ASIENTO PRINCIPAL--NOMBRE PERSONAL
Nombre personal Prado, Marta L.
9 (RLIN) 4055
245 1# - MENCION DE TITULO
Título Munchique
Parte restante del título memorias de pobladores
260 ## - PUBLICACION, DISTRIBUCION, ETC. (PIE DE IMPRENTA)
Lugar de publicación, distribución, etc. Bogotá
Nombre del editor, distribuidor, etc. Proyecto Biopacifico
Fecha de publicación, distribución, etc. 1996
300 ## - DESCRIPCION FISICA
Extensión 24 paginas.
Otros detalles físicos ilustraciones.;
Dimensiones 21 x 20 cm.
650 #6 - ASIENTO SECUNDARIO DE MATERIA - TERMINO TEMATICO
Término temático o nombre geográfico como elemento de entrada Historias de pobladores
9 (RLIN) 55061
650 #6 - ASIENTO SECUNDARIO DE MATERIA - TERMINO TEMATICO
Término temático o nombre geográfico como elemento de entrada Aguas
9 (RLIN) 55062
650 #6 - ASIENTO SECUNDARIO DE MATERIA - TERMINO TEMATICO
Término temático o nombre geográfico como elemento de entrada Comunidades
9 (RLIN) 55063
650 #6 - ASIENTO SECUNDARIO DE MATERIA - TERMINO TEMATICO
Término temático o nombre geográfico como elemento de entrada Salud
9 (RLIN) 5986
700 1# - ASIENTO SECUNDARIO - NOMBRE PERSONAL
Nombre personal Pinilla M., Nelson H.
9 (RLIN) 3989
700 1# - ASIENTO SECUNDARIO - NOMBRE PERSONAL
Nombre personal Mendez, María
9 (RLIN) 3990
700 1# - ASIENTO SECUNDARIO - NOMBRE PERSONAL
Nombre personal Yalanda, Segundo
9 (RLIN) 4056
942 ## - ELEMENTOS ADICIONALES (KOHA)
Tipo de ítem Libro
Sistema de clasificación Local
945 ## - PROCESAMIENTO LOCAL
AAAA-MM-DD - Fecha de ingreso o modificacion 2007-11-23
Existencias
Withdrawn status Lost status Sistema de Clasificación Damaged status No para préstamo Colección Inventariado Ubicación Permanente Ubicación actual Fecha de adquisición Fuente de Valor Valor Total Checkouts Número topográfico Inventario / Código de Barras Date last seen Ejemplar Price effective from Forma de adquisición Tipo de material
    Local     Educación Ambiental Inventariado 2017 Sala Fabio Quevedo Sala Fabio Quevedo 23/11/2007 Instituto 39000.00   EA-361 025513 04/12/2012 Ej. 1 04/12/2012   Libro